| 000 | 00516nam a2200193Ia 4500 | ||
|---|---|---|---|
| 008 | 100315s9999 xx 000 0 und d | ||
| 020 | _a0-304-93771-1 | ||
| 082 |
_b305 _a658.839 |
||
| 100 | _a"WAINWRIGHT, KEN " | ||
| 245 | _aPRACTICAL EXPORT MARKETING | ||
| 260 |
_aLondon _bCassell _c1971 |
||
| 300 | _a"VI,101P " | ||
| 365 |
_eAus.Sch. _d1 _b40.00 |
||
| 366 | _f0 | ||
| 530 | _b- | ||
| 630 | _aPRACTICAL EXPORT MARKETING | ||
| 730 | _aPRACTICAL EXPORT MARKETING | ||
| 942 | _cBOOK | ||
| 999 |
_c475040 _d475037 |
||